| 000 | 01325cam a22002174a 4500 | ||
|---|---|---|---|
| 005 | 20250605164135.0 | ||
| 008 | 250528s ||||||||||||||||||||||||d | ||
| 035 | _a18738 | ||
| 020 | _a801820413 | ||
| 040 |
_aGR-AtMCL _bgre _dGR-AtMCL _eAACR2 |
||
| 245 | 1 | _aHow Industrial Societies Use Energy / A Comparative Analysis | |
| 260 |
_bThe John Hopkins University Press, _c1977 |
||
| 300 | _a282 | ||
| 520 | _aThe author cautions that regional success in energy conservation is much more likely undertaken within a national program, in order to preclude ''border crossing'' evasion of restrictive measures, such as horsepower taxes or insulation standards. Foreword, Acknowledgements, Introduction and Quantitative Setting, Why International Comparisons?, Problems and Definitions in the Sectoral Approach, Comparative Patterns of Energy Consumption, Sectoral Approach, Household-Commercial Sector, Transport Sector, Industrial Sector, Input-Output and Final-Demand Analysis, Energy Embodied in Components of Final Demand, Consumption Expenditures for Energy and Related Items, Synthesis, Findings and Interpretation, Appendices, Tables, Figures, Index. | ||
| 700 | 1 |
_aAlterman Jack _94988 |
|
| 700 | 1 |
_aDarmstadter Joel _94989 |
|
| 700 | 1 |
_aDunkerley Joy _94990 |
|
| 942 | _cBK | ||
| 999 |
_c4057 _d4057 |
||